[Event "Wch U14 Girls"]
[Site "Montevideo"]
[Date "2017.09.17"]
[Round "1"]
[White "Montufar Berrios, Eymi Priscila"]
[Black "Qi, Katherene"]
[Result "0-1"]
[WhiteElo "1892"]
[BlackElo "1539"]
[PlyCount "106"]
[EventDate "2017.09.17"]
[EventType "swiss"]
[EventRounds "11"]
[EventCountry "URU"]
[SourceTitle "CBM 180 Extra"]
[Source "ChessBase"]
[SourceDate "2017.10.06"]
[SourceVersion "1"]
[SourceVersionDate "2017.10.06"]
[SourceQuality "1"]

1. e4 c5 2. Nf3 d6 3. d4 cxd4 4. Nxd4 Nf6 5. Nc3 a6 6. h3 e6 7. g4 h6 8. Bg2 Be7 9. 0-0 Nc6 10. Nxc6 bxc6 11. f4 Qb6+ 12. Kh1 Bb7 13. Qf3 d5 14. g5 dxe4 15. Nxe4 Nxe4 16. Qxe4 hxg5 17. Be3 Rxh3+ 18. Bxh3 c5 19. Qxb7 Qxb7+ 20. Bg2 Qb8 21. Bc6+ Kf8 22. Bxa8 Qxa8+ 23. Kg1 Qe4 24. Rae1 gxf4 25. Bxf4 Qg6+ 26. Kh1 Qh5+ 27. Kg2 Qg6+ 28. Bg3 Bd6 29. Re3 Bxg3 30. Rxg3 Qxc2+ 31. Rf2 Qe4+ 32. Rgf3 g5 33. Kg3 f5 34. Rc3 f4+ 35. Kh3 Qh1+ 36. Kg4 Qh4+ 37. Kf3 g4+ 38. Ke2 e5 39. Rxc5 g3 40. Rc8+ Ke7 41. Rf3 Qg4 42. Rc7+ Kd6 43. Rc4 g2 44. Rc1 e4 45. Rd1+ Ke5 46. Kd2 Qxf3 47. Re1 g1Q 48. Rxg1 Qf2+ 49. Kc3 Qxg1 50. Kb4 Qb6+ 51. Ka3 Kd4 52. Ka4 Kc5 53. a3 Qb5# 0-1

[Event "Caldas Novas op 1st"]
[Site "Caldas Novas"]
[Date "2017.03.12"]
[Round "6"]
[White "Montufar Berrios, Eymi Priscila"]
[Black "Fontenelle, Reinaldo Resende"]
[Result "1-0"]
[WhiteElo "1908"]
[BlackElo "1907"]
[PlyCount "79"]
[EventDate "2017.03.10"]
[EventType "swiss"]
[EventRounds "6"]
[EventCountry "BRA"]
[SourceTitle "CBM 177 Extra"]
[Source "ChessBase"]
[SourceDate "2017.04.27"]
[SourceVersion "1"]
[SourceVersionDate "2017.04.27"]
[SourceQuality "1"]

1. e4 c5 2. Nf3 d6 3. d4 cxd4 4. Nxd4 Nf6 5. Nc3 a6 6. Bd3 e5 7. Nb3 Be6 8. 0-0 Nbd7 9. Kh1 b5 10. Qe2 Nc5 11. f4 Nxd3 12. cxd3 Be7 13. f5 Bxb3 14. axb3 b4 15. Nd1 0-0 16. Ne3 d5 17. Ng4 a5 18. Nxf6+ Bxf6 19. Qg4 Rc8 20. Be3 d4 21. Bf2 Rc2 22. Rab1 Qc7 23. h4 Rc8 24. Qd1 Qe7 25. Qe1 Qc5 26. g4 Qb5 27. Qd1 a4 28. bxa4 Qxa4 29. g5 Bd8 30. Qg4 Qa2 31. f6 R8c7 32. Ra1 Qe6 33. Ra8 Rc8 34. Qxe6 fxe6 35. Rxc8 Rxc8 36. Bg3 gxf6 37. gxf6 Rc5 38. f7+ Kf8 39. Be1 Rb5 40. Bd2 1-0

[Event "Brasilia Terraviva op"]
[Site "Brasilia"]
[Date "2017.01.06"]
[Round "2"]
[White "Montufar Berrios, Eymi Priscila"]
[Black "Nery Junior, Jose Antonio"]
[Result "0-1"]
[WhiteElo "1869"]
[BlackElo "2131"]
[PlyCount "176"]
[EventDate "2017.01.06"]
[EventType "swiss"]
[EventRounds "6"]
[EventCountry "BRA"]
[SourceTitle "CBM 176 Extra"]
[Source "ChessBase"]
[SourceDate "2017.03.02"]
[SourceVersion "1"]
[SourceVersionDate "2017.03.02"]
[SourceQuality "1"]

1. e4 c5 2. Nf3 d6 3. d4 cxd4 4. Nxd4 Nf6 5. Nc3 a6 6. Be2 e6 7. Be3 Qc7 8. 0-0 b5 9. a3 Bb7 10. Bd3 Nbd7 11. Nb3 d5 12. exd5 Nxd5 13. Nxd5 Bxd5 14. f4 Bd6 15. Qg4 Nf6 16. Qh4 Rd8 17. Nd2 Be7 18. Qg3 h5 19. h3 g5 20. Qf2 g4 21. h4 g3 22. Qe2 Ng4 23. Kh1 Bxh4 24. f5 Qe5 25. Rae1 Qxe3 26. Qxe3 Nxe3 27. Rxe3 Bg5 28. Re2 Bxd2 29. Rxd2 h4 30. fxe6 h3 31. exf7+ Kf8 32. Kg1 hxg2 33. Rxg2 Bxg2 34. Kxg2 Rd7 35. Kxg3 Rxf7 36. Rxf7+ Kxf7 37. Kf3 Re8 38. b3 Kf6 39. a4 bxa4 40. bxa4 a5 41. Bb5 Re5 42. c4 Ke6 43. Kg4 Ke7 44. Kf3 Kd6 45. Kg4 Re7 46. Kf5 Kc5 47. Kf6 Re1 48. Kf5 Kd4 49. Kf6 Re5 50. Kf7 Ke4 51. Kf6 Kf4 52. Bd7 Ke4 53. Bc6+ Kd4 54. Bb5 Re1 55. Kf5 Kc5 56. Kf4 Kb4 57. Kf3 Kc3 58. Kf4 Kd4 59. Kf5 Rh1 60. Ke6 Rh6+ 61. Ke7 Ke5 62. Kd7 Kd4 63. Kc7 Kc5 64. Kd7 Kb6 65. Ke7 Kc7 66. Kf7 Kd8 67. Kg7 Rd6 68. Kf7 Rb6 69. Kg7 Ke7 70. Kg8 Rb7 71. c5 Rxb5 72. axb5 Ke6 73. b6 Kd7 74. Kg7 a4 75. Kf7 a3 76. b7 Kc7 77. c6 a2 78. Ke7 a1Q 79. b8Q+ Kxb8 80. Kd7 Qe5 81. Kd8 Qd6+ 82. Ke8 Kc7 83. Kf7 Kxc6 84. Kg7 Kd5 85. Kh7 Ke5 86. Kh8 Qe7 87. Kg8 Kf6 88. Kh8 Qg7# 0-1

[Event "Sao Sebastiao do Paraiso op"]
[Site "Sao Sebastiao do Paraiso"]
[Date "2016.10.22"]
[Round "2"]
[White "Montufar Berrios, Eymi Priscila"]
[Black "Silva, Siderley Junior"]
[Result "1-0"]
[WhiteElo "1823"]
[BlackElo "1940"]
[PlyCount "125"]
[EventDate "2016.10.21"]
[EventType "swiss"]
[EventRounds "5"]
[EventCountry "BRA"]
[SourceTitle "CBM 175 Extra"]
[Source "ChessBase"]
[SourceDate "2016.12.12"]
[SourceVersion "1"]
[SourceVersionDate "2016.12.12"]
[SourceQuality "1"]

1. e4 e6 2. d4 d5 3. Nd2 dxe4 4. Nxe4 Bd7 5. Nf3 Bc6 6. Bd3 Bxe4 7. Bxe4 c6 8. c3 Nf6 9. Bc2 Nbd7 10. 0-0 Qc7 11. Re1 Be7 12. Bg5 c5 13. Qd2 cxd4 14. Nxd4 0-0 15. h3 Nd5 16. Bxe7 Nxe7 17. Rad1 Nf6 18. Qe2 Rad8 19. Bb3 Ned5 20. Qc2 Rfe8 21. Nf3 Nf4 22. Ne5 Rxd1 23. Qxd1 Rd8 24. Qf3 N4d5 25. g3 Ne8 26. Ng4 Ndf6 27. Ne3 Rd3 28. Qe2 Qd8 29. Nc4 a6 30. Rd1 Rxd1+ 31. Qxd1 Qc7 32. Qd3 b5 33. Nd2 Nd6 34. Qf3 Qb7 35. Qf4 Nf5 36. Bc2 Ne7 37. Ne4 Ned5 38. Qd6 g6 39. Qe5 Nxe4 40. Bxe4 Qc7 41. Qd4 Nb6 42. b3 Nd7 43. Kg2 e5 44. Qd2 Nf6 45. Bf3 e4 46. Be2 Qc6 47. Qd4 Kg7 48. c4 b4 49. g4 g5 50. f3 Qe6 51. fxe4 Qxe4+ 52. Qxe4 Nxe4 53. Kf3 Nc5 54. Ke3 Kf6 55. Kd4 Ne6+ 56. Ke4 Nf4 57. Bf1 Ke6 58. h4 h6 59. hxg5 hxg5 60. c5 a5 61. Bc4+ Kf6 62. c6 Ng6 63. c7 1-0

[Event "Sao Sebastiao do Paraiso op"]
[Site "Sao Sebastiao do Paraiso"]
[Date "2016.10.21"]
[Round "1"]
[White "Pereira, Juliano Resende M"]
[Black "Montufar Berrios, Eymi Priscila"]
[Result "1/2-1/2"]
[WhiteElo "2221"]
[BlackElo "1823"]
[PlyCount "151"]
[EventDate "2016.10.21"]
[EventType "swiss"]
[EventRounds "5"]
[EventCountry "BRA"]
[SourceTitle "CBM 175 Extra"]
[Source "ChessBase"]
[SourceDate "2016.12.12"]
[SourceVersion "1"]
[SourceVersionDate "2016.12.12"]
[SourceQuality "1"]

1. d4 Nf6 2. g3 g6 3. Bg2 Bg7 4. c4 0-0 5. Nc3 d6 6. Nf3 Nbd7 7. 0-0 e5 8. h3 a6 9. Rb1 Rb8 10. Bg5 h6 11. Be3 Re8 12. Qd2 Kh7 13. Rfd1 exd4 14. Nxd4 Ne5 15. b3 Qe7 16. Rbc1 Bd7 17. Nd5 Qd8 18. Kh2 c5 19. Nf3 Ne4 20. Qc2 f5 21. Nd2 Nf6 22. Nb1 Nxd5 23. Rxd5 Bc6 24. Rd2 Bxg2 25. Kxg2 Qc7 26. Nc3 Nc6 27. Nd5 Qf7 28. Rcd1 Rbd8 29. h4 Kg8 30. Bf4 Nd4 31. Qd3 Ne6 32. Rc2 Nxf4+ 33. Nxf4 Re4 34. e3 g5 35. hxg5 hxg5 36. Nh3 Bf6 37. Rcd2 Qe6 38. Qd5 b5 39. Qc6 Be7 40. cxb5 axb5 41. Qxb5 Rb4 42. Qc6 Kg7 43. Qd5 Qf6 44. f4 Qg6 45. fxg5 Bxg5 46. Rf2 Bxe3 47. Rxf5 Rg4 48. Qf3 Bd4 49. Rf1 Be5 50. Rf7+ Kg8 51. Rf8+ Rxf8 52. Qxf8+ Kh7 53. Qf7+ Qxf7 54. Rxf7+ Kg6 55. Rf3 Rd4 56. Rf2 c4 57. bxc4 Rxc4 58. Nf4+ Kg5 59. Nd5 Rd4 60. Ne3 Rd3 61. Re2 Ra3 62. Nf1 Kg4 63. Nh2+ Kf5 64. Nf3 Kg4 65. Rc2 Rxf3 66. Rc4+ Bf4 67. gxf4 Rxf4 68. Rxf4+ Kxf4 69. Kf2 Ke4 70. Ke2 Kd4 71. Kd2 Kc4 72. a4 Kb4 73. Kd3 Kxa4 74. Kc4 Ka5 75. Kd5 Kb6 76. Kxd6 1/2-1/2

[Event "Goiania Goias Cup"]
[Site "Goiania"]
[Date "2016.10.15"]
[Round "3"]
[White "Montufar Berrios, Eymi Priscila"]
[Black "Barbosa, Frederick Borges"]
[Result "0-1"]
[WhiteElo "1823"]
[BlackElo "1460"]
[PlyCount "158"]
[EventDate "2016.10.14"]
[EventType "swiss"]
[EventRounds "6"]
[EventCountry "BRA"]
[SourceTitle "CBM 175 Extra"]
[Source "ChessBase"]
[SourceDate "2016.12.12"]
[SourceVersion "1"]
[SourceVersionDate "2016.12.12"]
[SourceQuality "1"]

1. e4 d5 2. exd5 Qxd5 3. Nc3 Qa5 4. d4 c6 5. Nf3 Bg4 6. Be3 Nf6 7. Bc4 e6 8. 0-0 Bd6 9. h3 Bh5 10. a3 Nbd7 11. Re1 0-0 12. b4 Qc7 13. Bg5 Bf4 14. Bxf4 Qxf4 15. Ne2 Bxf3 16. Nxf4 Bxd1 17. Raxd1 Nb6 18. Bb3 a5 19. c4 axb4 20. axb4 Ra3 21. Re3 Rfa8 22. d5 g5 23. Ne2 cxd5 24. cxd5 Nbxd5 25. Bxd5 Nxd5 26. Re5 h6 27. Nd4 R8a4 28. b5 Nc3 29. Rd2 Ra1+ 30. Kh2 Rb1 31. Rd3 Rc4 32. Kg3 Rb2 33. Kf3 Rbb4 34. Kg3 Nd5 35. Nf5 Rxb5 36. Nd6 Rbc5 37. Nxc4 Rxc4 38. Rb3 b6 39. Re2 Kf8 40. Rd3 b5 41. Rb2 b4 42. Kf3 Ke7 43. g3 Kd6 44. Ke2 Kc5 45. Kd2 e5 46. f3 f5 47. Rdb3 e4 48. fxe4 fxe4 49. Ke2 Nc3+ 50. Kd2 e3+ 51. Kxe3 Nd1+ 52. Kd2 Nxb2 53. Rxb2 Rc3 54. Rc2 Rxc2+ 55. Kxc2 Kc4 56. h4 g4 57. h5 b3+ 58. Kb2 Kb4 59. Kb1 Kc3 60. Kc1 b2+ 61. Kb1 Kd3 62. Kxb2 Ke3 63. Kc3 Kf3 64. Kd4 Kxg3 65. Ke5 Kh3 66. Kf5 g3 67. Kg6 g2 68. Kxh6 Kh4 69. Kh7 Kxh5 70. Kh8 g1Q 71. Kh7 Qb6 72. Kg7 Qg6+ 73. Kf8 Qh7 74. Ke8 Kg6 75. Kd8 Kf6 76. Kc8 Ke6 77. Kb8 Kd6 78. Ka8 Kc6 79. Kb8 Qb7# 0-1

[Event "Caioba Telecom op"]
[Site "Caioba"]
[Date "2016.08.28"]
[Round "5"]
[White "Kikuchi Cadilhac, Mariana Sawae"]
[Black "Montufar Berrios, Eymi Priscila"]
[Result "0-1"]
[WhiteElo "1530"]
[BlackElo "1835"]
[PlyCount "92"]
[EventDate "2016.08.26"]
[EventType "swiss"]
[EventRounds "6"]
[EventCountry "BRA"]
[SourceTitle "CBM 174 Extra"]
[Source "ChessBase"]
[SourceDate "2016.10.10"]
[SourceVersion "1"]
[SourceVersionDate "2016.10.10"]
[SourceQuality "1"]

1. e4 c5 2. Nc3 d6 3. g3 Nf6 4. Bg2 e6 5. d3 Nc6 6. f4 a6 7. Nf3 Qc7 8. 0-0 Be7 9. Re1 0-0 10. h3 b5 11. Qd2 Bb7 12. Nd1 Rfd8 13. Nf2 Rac8 14. b3 d5 15. e5 Nd7 16. Bb2 d4 17. Rac1 Nb6 18. c3 dxc3 19. Bxc3 Nd5 20. Bb2 c4 21. Qe2 c3 22. Ba1 b4 23. Red1 Qb6 24. d4 Bf8 25. Ne4 a5 26. Neg5 h6 27. Qd3 hxg5 28. Nxg5 g6 29. Nxe6 Rd7 30. Nxf8 Rxf8 31. e6 Rd6 32. exf7+ Kxf7 33. f5 Nce7 34. fxg6+ Kg7 35. Qe2 Re6 36. Qh5 Rxg6 37. Qe5+ Qf6 38. Qe1 Nf5 39. g4 Nfe3 40. Bxd5 Nxd5 41. Qf1 Qg5 42. Qe1 Ne3 43. Rd3 Rf1+ 44. Qxf1 Nxf1 45. Rxf1 Ba6 46. Rfd1 Bxd3 0-1

[Event "Caioba Telecom op"]
[Site "Caioba"]
[Date "2016.08.27"]
[Round "4"]
[White "Montufar Berrios, Eymi Priscila"]
[Black "Borges, Guilherme Deola"]
[Result "0-1"]
[WhiteElo "1835"]
[BlackElo "2073"]
[PlyCount "164"]
[EventDate "2016.08.26"]
[EventType "swiss"]
[EventRounds "6"]
[EventCountry "BRA"]
[SourceTitle "CBM 174 Extra"]
[Source "ChessBase"]
[SourceDate "2016.10.10"]
[SourceVersion "1"]
[SourceVersionDate "2016.10.10"]
[SourceQuality "1"]

1. e4 c5 2. Nf3 a6 3. Nc3 b5 4. a3 Bb7 5. d3 e6 6. Bf4 Nf6 7. e5 Nd5 8. Nxd5 exd5 9. d4 c4 10. Be2 Be7 11. 0-0 Nc6 12. Qd2 h6 13. h3 Qb6 14. c3 g5 15. Bh2 0-0-0 16. Ne1 Rdg8 17. f4 h5 18. fxg5 Bxg5 19. Bf4 Be7 20. Kh1 Nd8 21. Nc2 Qg6 22. Bf3 Ne6 23. Nb4 Bg5 24. Bxg5 Nxg5 25. Qf4 Ne4 26. Rfe1 a5 27. Na2 Nf2+ 28. Kh2 Nd3 29. Qe3 Qg3+ 30. Kg1 Nxe1 31. Rxe1 Qxh3 32. Qf4 Qe6 33. Nc1 h4 34. Ne2 h3 35. g4 f5 36. exf6 Rh4 37. Kh2 Rf8 38. Qe5 Qxf6 39. Qxf6 Rxf6 40. Kg3 Rh8 41. Bh1 Re6 42. Bf3 Kd8 43. Rh1 b4 44. axb4 axb4 45. Nf4 Re3 46. Kf2 Ree8 47. Nxh3 bxc3 48. bxc3 Rh6 49. Nf4 Rf6 50. Nh5 Rb6 51. Nf4 Rf8 52. Ne2 Rbf6 53. Rh3 d6 54. Rg3 Bc8 55. g5 Rf5 56. Kg2 Be6 57. Ng1 Ke7 58. Nh3 Rxf3 59. Rxf3 Rxf3 60. Kxf3 Bxh3 61. Kg3 Be6 62. Kh4 Kf7 63. Kh5 Kg7 64. g6 Bf5 65. Kg5 Bxg6 66. Kf4 Kf6 67. Kg4 Bf5+ 68. Kh5 Bd7 69. Kh6 Kf5 70. Kg7 Ke4 71. Kf6 Kd3 72. Ke7 Bf5 73. Kxd6 Be4 74. Kc6 Kxc3 75. Kc5 Kd3 76. Kb4 c3 77. Kb3 c2 78. Kb2 Kd2 79. Kb3 c1Q 80. Ka2 Qb1+ 81. Ka3 Kc3 82. Ka4 Qb4# 0-1

[Event "BRA-ch U18 Girls"]
[Site "Itajai"]
[Date "2016.06.11"]
[Round "4"]
[White "Montufar Berrios, Eymi Priscila"]
[Black "Borsato, Ana Carolina Teodor"]
[Result "1-0"]
[WhiteElo "1758"]
[BlackElo "1769"]
[PlyCount "83"]
[EventDate "2016.06.09"]
[EventType "swiss"]
[EventRounds "6"]
[EventCountry "BRA"]
[SourceTitle "CBM 172 Extra"]
[Source "ChessBase"]
[SourceDate "2016.06.21"]
[SourceVersion "1"]
[SourceVersionDate "2016.06.21"]
[SourceQuality "1"]

1. e4 e5 2. Nf3 Nc6 3. Bc4 Nf6 4. d3 d5 5. exd5 Nxd5 6. Bd2 Be7 7. Nc3 Nb6 8. Bb3 Bg4 9. a3 Qd7 10. Be3 Nd4 11. Bxf7+ Kf8 12. Bxd4 exd4 13. Ne4 Bf6 14. Bb3 Re8 15. Qe2 Re7 16. 0-0-0 Ke8 17. h3 Bf5 18. Nxf6+ gxf6 19. Qd2 Kd8 20. Rde1 Be6 21. Bxe6 Rxe6 22. Rxe6 Qxe6 23. b3 Qd6 24. Kb2 Kc8 25. Re1 Rd8 26. Re4 c5 27. Qh6 Rd7 28. Nh4 Nd5 29. Nf5 Qc6 30. Re8+ Kc7 31. Qf8 Kb6 32. Qg8 Nc7 33. Ne7 Qb5 34. Nc8+ Ka6 35. Rf8 Nd5 36. Rf7 Qc6 37. Qxh7 Rxf7 38. Qxf7 Nc3 39. Ne7 Qd6 40. Qc4+ b5 41. Qf7 Qe5 42. Nc6 1-0

[Event "South America-ch U12 Girls 12th"]
[Site "Santa Cruz"]
[Date "2015.12.04"]
[Round "4"]
[White "Montufar Berrios, Eymi Priscila"]
[Black "Mamani, Anahi"]
[Result "1/2-1/2"]
[WhiteElo "1692"]
[BlackElo "1534"]
[PlyCount "121"]
[EventDate "2015.12.02"]
[EventType "swiss"]
[EventRounds "9"]
[EventCountry "BOL"]
[SourceTitle "CBM 170 Extra"]
[Source "ChessBase"]
[SourceDate "2016.02.25"]
[SourceVersion "1"]
[SourceVersionDate "2016.02.25"]
[SourceQuality "1"]

1. e4 c5 2. Nf3 d6 3. d4 cxd4 4. Nxd4 Nf6 5. Nc3 g6 6. Be2 Bg7 7. Be3 0-0 8. 0-0 Nc6 9. Nb3 b6 10. f4 Bb7 11. Bf3 Qc8 12. h3 Nd7 13. Bg4 Qd8 14. e5 h5 15. Bxd7 Qxd7 16. exd6 Qxd6 17. Qxd6 exd6 18. Rad1 Bxc3 19. bxc3 Rfd8 20. Rf2 d5 21. Rfd2 Ne7 22. c4 Rac8 23. c5 Nf5 24. Bf2 b5 25. Na5 Ba8 26. c4 bxc4 27. Nxc4 Rf8 28. Ne5 Ng7 29. c6 Bxc6 30. Nxc6 Rxc6 31. Rxd5 Ra6 32. Bc5 Re8 33. a3 Ne6 34. Bd6 f5 35. Re1 Kf7 36. Bb4 Rc8 37. Rd7+ Kg8 38. Bd6 Nf8 39. Bxf8 Kxf8 40. Ree7 Rxa3 41. Rh7 Kg8 42. Rhg7+ Kh8 43. Rxg6 Ra1+ 44. Kh2 Ra5 45. Rdg7 h4 46. Rg5 Ra1 47. R7g6 Kh7 48. Rd6 Rcc1 49. Rh5+ Kg7 50. Rxh4 Rh1+ 51. Kg3 Ra3+ 52. Kf2 Ra2+ 53. Kf3 Ra3+ 54. Ke2 Ra2+ 55. Ke3 Ra3+ 56. Kd2 Rh2 57. Rd7+ Kg6 58. Rd6+ Kg7 59. Rd7+ Kg6 60. Rd6+ Kg7 61. Rd7+ 1/2-1/2

[Event "South America-ch U12 Girls 12th"]
[Site "Santa Cruz"]
[Date "2015.12.02"]
[Round "1"]
[White "Bustamante Malpartida, Nayeli Aleydis Rubi"]
[Black "Montufar Berrios, Eymi Priscila"]
[Result "0-1"]
[WhiteElo "1459"]
[BlackElo "1692"]
[PlyCount "78"]
[EventDate "2015.12.02"]
[EventType "swiss"]
[EventRounds "9"]
[EventCountry "BOL"]
[SourceTitle "CBM 170 Extra"]
[Source "ChessBase"]
[SourceDate "2016.02.25"]
[SourceVersion "1"]
[SourceVersionDate "2016.02.25"]
[SourceQuality "1"]

1. e4 c5 2. Nf3 d6 3. d4 cxd4 4. Nxd4 Nf6 5. Nc3 a6 6. Bg5 Nbd7 7. f4 e6 8. Qf3 Qc7 9. 0-0-0 b5 10. g4 Bb7 11. Bxf6 Nxf6 12. g5 Nd7 13. Bg2 Nc5 14. Qe3 Rc8 15. Rhe1 b4 16. Nce2 e5 17. Nb3 Ne6 18. Qd3 Bc6 19. f5 Bb5 20. Qd2 Be7 21. h4 Nxg5 22. Kb1 h6 23. hxg5 Bxg5 24. Qxd6 Qxc2+ 25. Ka1 Bxe2 26. Qxe5+ Kf8 27. Rd7 Bb5 28. Ra7 Qxg2 29. Nd4 Bf6 30. Qd6+ Kg8 31. e5 Qd2 32. Rb1 Rd8 33. Qc7 Rd7 34. Ra8+ Kh7 35. Rxh8+ Kxh8 36. Qc8+ Rd8 37. Qb7 Bxe5 38. Nxb5 Qxb2+ 39. Rxb2 Rd1# 0-1

[Event "Goiania-ch U20 Girls"]
[Site "Goiania"]
[Date "2015.10.11"]
[Round "6.1"]
[White "Di Simoni, Rafaela Moura"]
[Black "Montufar Berrios, Eymi Priscila"]
[Result "0-1"]
[WhiteElo "1473"]
[BlackElo "1664"]
[PlyCount "66"]
[EventDate "2015.10.09"]
[EventType "swiss"]
[EventRounds "7"]
[EventCountry "BRA"]
[SourceTitle "EXT 2022"]
[Source "ChessBase"]
[SourceDate "2021.10.06"]
[SourceVersion "1"]
[SourceVersionDate "2021.10.06"]
[SourceQuality "1"]

1. d4 Nf6 2. c4 g6 3. Nc3 Bg7 4. e4 d6 5. Nf3 0-0 6. Be2 e5 7. 0-0 Nc6 8. d5 Ne7 9. Nd2 Ne8 10. b4 f5 11. c5 Nf6 12. Ba3 f4 13. f3 g5 14. Nc4 Ng6 15. b5 dxc5 16. Bxc5 Rf7 17. Kh1 h5 18. a4 g4 19. Bg1 g3 20. a5 Nh7 21. b6 cxb6 22. axb6 a6 23. Na4 Nh4 24. Bc5 Ng5 25. h3 Bxh3 26. gxh3 Qd7 27. Kg1 Qxh3 28. Rf2 gxf2+ 29. Kxf2 Qg3+ 30. Kf1 Nxe4 31. fxe4 f3 32. Bxf3 Rxf3+ 33. Ke2 Qg2+ 0-1